00372nam a2200145 i 450000100060000000300090000600500170001500700030003200800410003510000220007624500320009826000520013030000220018285200220020493430ES-MaACL20230906181222.0t|050526s1918 fr ||||1| fre d1 aGyp (d1849-1932)12aL'Age du mufle / cpar Gyp. aParis : b[s.n., c1918 ?] (fImp. Paul Dupont) a300 p. ; c19 cm. aES-MaACLjG-13497